[Event "Mistrzostwa Polski Niewidomych"]
[Site "Wagrowiec, ul. Jeziorna 16 OR"]
[Date "2018.??.??"]
[Round "3.19"]
[White "Zelajtys, Jozef"]
[Black "Jagiello, Jerzy"]
[Result "0-1"]
[WhiteElo "1665"]
[BlackElo "1579"]
[PlyCount "51"]
[EventDate "2018.??.??"]

1. e4 c5 2. g3 Nc6 3. Bg2 g6 4. Nh3 Bg7 5. Nc3 d6 6. O-O Nf6 7. d3 O-O 8. Be3
a6 9. f4 Ng4 10. Bf2 e6 11. Rb1 Qc7 12. Ne2 Rb8 13. c3 b5 14. d4 cxd4 15. cxd4
Qb6 16. d5 exd5 17. exd5 Nxf2 18. Nxf2 Nd4 19. Kh1 Nxe2 20. Qxe2 Bf5 21. Rbc1
Rbc8 22. g4 Rxc1 23. Rxc1 Bd7 24. Ne4 f5 25. gxf5 Bxf5 26. Ng3 {(52 Time)} 0-1

[Event "Mistrzostwa Polski Niewidomych"]
[Site "Wagrowiec, ul. Jeziorna 16 OR"]
[Date "2018.??.??"]
[Round "3.20"]
[White "Loroch, Zygfryd"]
[Black "Zarow, Zdzislaw"]
[Result "0-1"]
[WhiteElo "1427"]
[BlackElo "1663"]
[PlyCount "38"]
[EventDate "2018.??.??"]

1. e4 e5 2. Nf3 d5 3. Nxe5 Bd6 4. d4 dxe4 5. Bb5+ c6 6. Bc4 Bxe5 7. dxe5 Qa5+
8. Nc3 Qxe5 9. O-O Nf6 10. Be2 O-O 11. Qd2 Bf5 12. Qf4 Nbd7 13. Qxe5 Nxe5 14.
Be3 b6 15. Rad1 b5 16. Nb1 h6 17. h3 Rfd8 18. c3 Nd3 19. Rd2 a5 0-1

[Event "Mistrzostwa Polski Niewidomych"]
[Site "Wagrowiec, ul. Jeziorna 16 OR"]
[Date "2018.??.??"]
[Round "3.21"]
[White "Tyszkiewicz, Adam"]
[Black "Barnowski, Sylwester"]
[Result "0-1"]
[WhiteElo "1520"]
[BlackElo "1787"]
[PlyCount "68"]
[EventDate "2018.??.??"]

1. e4 e6 2. b3 d5 3. e5 c5 4. Bb2 Ne7 5. Nf3 Nf5 6. Bb5+ Bd7 7. Bxd7+ Qxd7 8.
O-O Nc6 9. a4 Qc7 10. Na3 a6 11. Re1 Be7 12. h3 O-O 13. c4 d4 14. d3 Rfe8 15.
Bc1 f6 16. exf6 Bxf6 17. Nh2 Be5 18. Nf3 Bd6 19. Qd2 Nh6 20. Re4 Nf7 21. Rg4
Nfe5 22. Nxe5 Nxe5 23. Re4 Ng6 24. Nc2 e5 25. Ne1 Rf8 26. Nf3 Nf4 27. Ng5 Rf5
28. h4 h6 29. Nf3 Raf8 30. Kh2 Nxg2 31. Kxg2 Rxf3 32. Bb2 Qf7 33. Rf1 Qg6+ 34.
Kh2 Qf5 0-1

[Event "Mistrzostwa Polski Niewidomych"]
[Site "Wagrowiec, ul. Jeziorna 16 OR"]
[Date "2018.??.??"]
[Round "3.25"]
[White "Skiera, Edward"]
[Black "Lazuka, Jan"]
[Result "1-0"]
[WhiteElo "1500"]
[BlackElo "1274"]
[PlyCount "31"]
[EventDate "2018.??.??"]

1. e4 e5 2. Nf3 Nc6 3. Bc4 Nf6 4. Nc3 Bc5 5. O-O O-O 6. a3 a6 7. d3 d6 8. Bg5
Nd4 9. Nxd4 exd4 10. Nd5 b5 11. Ba2 Be6 12. Nxf6+ gxf6 13. Bh6 Re8 14. Bxe6
fxe6 15. Qg4+ Kf7 16. Qg7# 1-0

[Event "Mistrzostwa Polski Niewidomych"]
[Site "Wagrowiec, ul. Jeziorna 16 OR"]
[Date "2018.??.??"]
[Round "3.26"]
[White "Jagiello, Adolf"]
[Black "Spychala, Jozefa"]
[Result "0-1"]
[WhiteElo "1278"]
[BlackElo "1493"]
[PlyCount "70"]
[EventDate "2018.??.??"]

1. e4 c5 2. Nc3 Nc6 3. Nf3 d6 4. Bb5 Bd7 5. Rf1 Nf6 6. d3 e6 7. Bg5 Be7 8. h3
O-O 9. Qd2 h6 10. Bxf6 Bxf6 11. O-O-O a6 12. Bxc6 Bxc6 13. h4 Bxh4 14. Kb1 Bf6
15. Rfe1 $11 b5 16. Ne2 b4 17. Nc1 a5 18. e5 Bxf3 19. gxf3 Bxe5 20. Ne2 Qf6 21.
d4 cxd4 22. Nxd4 d5 23. Qd3 Bxd4 24. b3 Bxf2 25. Rh1 Qf4 26. Rhf1 Qe3 27. Rh1
Qxd3 28. Rxd3 Bg3 29. Rh3 Bf4 30. Rh1 Rac8 31. Re1 Rc5 32. Re2 Rfc8 33. Rg2 Rc3
34. Re2 Rxd3 35. cxd3 Rc3 0-1

[Event "Mistrzostwa Polski Niewidomych"]
[Site "Wagrowiec, ul. Jeziorna 16 OR"]
[Date "2018.??.??"]
[Round "4.1"]
[White "Dukaczewski, Piotr"]
[Black "Bojczewski, Mateusz"]
[Result "1-0"]
[WhiteElo "2221"]
[BlackElo "1662"]
[PlyCount "49"]
[EventDate "2018.??.??"]

1. c4 e5 2. g3 Nf6 3. Bg2 c6 4. Nc3 d5 5. cxd5 cxd5 6. Qb3 Nc6 7. d3 Bb4 8. a3
Bxc3+ 9. bxc3 h6 10. Bd2 O-O 11. Rc1 b6 12. c4 Nd4 13. Qb2 Be6 14. e3 Nf5 15.
Qxe5 Re8 16. Ne2 Nxe3 17. fxe3 Bh3 18. Qxe8+ Qxe8 19. Bxh3 dxc4 20. Rxc4 Rd8
21. O-O Rxd3 22. Nd4 Qe7 23. Rc8+ Ne8 24. Nc6 Qe4 25. Bf5 1-0

[Event "Mistrzostwa Polski Niewidomych"]
[Site "Wagrowiec, ul. Jeziorna 16 OR"]
[Date "2018.??.??"]
[Round "4.2"]
[White "Pawelec, Bartosz"]
[Black "Czajkowski, Adam"]
[Result "0-1"]
[WhiteElo "1995"]
[BlackElo "2223"]
[PlyCount "53"]
[EventDate "2018.??.??"]

1. d4 Nf6 2. Bg5 e6 3. Nd2 c5 4. dxc5 Bxc5 5. e3 d5 6. Ngf3 Nc6 7. Nb3 Be7 8.
Bb5 O-O 9. O-O Qb6 10. Be2 Rd8 11. a4 e5 12. a5 Qc7 13. Qc1 Be6 14. a6 b6 15.
Nfd2 Rac8 16. c3 Qb8 17. Qb1 b5 18. Na5 b4 19. Nb7 Rd7 20. c4 Nd8 21. cxd5 Bxd5
22. Bxf6 Bxf6 23. Bg4 Be6 24. Bxe6 fxe6 25. Nxd8 Rxd2 26. Nxe6 Rcc2 27. Qa2 0-1

[Event "Mistrzostwa Polski Niewidomych"]
[Site "Wagrowiec, ul. Jeziorna 16 OR"]
[Date "2018.??.??"]
[Round "4.3"]
[White "Wojcieszyn, Zdzislaw"]
[Black "Stachanczyk, Jacek"]
[Result "0-1"]
[WhiteElo "1887"]
[BlackElo "2193"]
[PlyCount "98"]
[EventDate "2018.??.??"]

1. d4 d5 2. Bf4 c5 3. e3 Nc6 4. Nf3 Nf6 5. h3 Qb6 6. b3 cxd4 7. exd4 Bf5 8. Bd3
Bxd3 9. Qxd3 e6 10. O-O Be7 11. Nc3 O-O 12. Na4 Qa5 13. Bd2 Qc7 14. c4 dxc4 15.
bxc4 Rfd8 16. Qe3 Nxd4 17. Nxd4 Qxc4 18. Nxe6 Qxe6 19. Qxe6 fxe6 20. Be3 Kf7
21. Rfe1 Rac8 22. Rac1 b6 23. Nb2 Nd5 24. Nc4 Nxe3 25. Nxe3 Rxc1 26. Rxc1 Bc5
27. Nc4 Kf6 28. Kf1 b5 29. Na5 Bb6 30. Nb3 Ke7 31. Ke2 Rd5 32. Rc2 Re5+ 33. Kf1
Kd7 34. f3 a5 35. Nd2 Rc5 36. Rxc5 Bxc5 37. Ne4 Kc6 38. Ke2 Be7 39. Kd3 Kd5 40.
Nc3+ Kc5 41. Nb1 a4 42. a3 Bf6 43. Nd2 Bb2 44. Nb1 b4 45. axb4+ Kxb4 46. Kc2 a3
47. Nd2 Bc3 48. Ne4 a2 49. Nxc3 a1=Q 0-1

[Event "Mistrzostwa Polski Niewidomych"]
[Site "Wagrowiec, ul. Jeziorna 16 OR"]
[Date "2018.??.??"]
[Round "4.4"]
[White "Migala, Andrzej"]
[Black "Stankiewicz, Edward"]
[Result "1-0"]
[WhiteElo "2030"]
[BlackElo "1840"]
[PlyCount "24"]
[EventDate "2018.??.??"]

1. e4 c6 2. d4 d5 3. e5 Bf5 4. Nf3 e6 5. a3 c5 6. c4 cxd4 7. Nxd4 Bg6 8. Nc3
Ne7 9. Ndb5 Nec6 10. cxd5 Nxe5 11. Bf4 Nbd7 12. d6 Rc8 1-0

[Event "Mistrzostwa Polski Niewidomych"]
[Site "Wagrowiec, ul. Jeziorna 16 OR"]
[Date "2018.??.??"]
[Round "4.5"]
[White "Chojnowski, Marcin"]
[Black "Hornik, Bronislaw"]
[Result "1-0"]
[WhiteElo "2094"]
[BlackElo "1797"]
[PlyCount "87"]
[EventDate "2018.??.??"]

1. e4 d6 2. d4 g6 3. Nf3 Bg4 4. Bc4 Qd7 5. c3 Bg7 6. Qb3 Bxf3 7. gxf3 c6 8.
Bxf7+ Kf8 9. Be6 Qc7 10. Nd2 Nf6 11. Nf1 Na6 12. Ng3 c5 13. Be3 Rb8 14. f4 Bh6
15. h4 Qb6 16. Qxb6 axb6 17. O-O-O Nc7 18. Bb3 Ng4 19. h5 e5 20. dxe5 dxe5 21.
fxe5 Nxe3 22. fxe3 Bxe3+ 23. Kc2 Ke7 24. Rd3 Bf4 25. Rf1 Rhf8 26. hxg6 hxg6 27.
Nf5+ gxf5 28. Rxf4 fxe4 29. Rxe4 b5 30. Bd5 Rf2+ 31. Kc1 Rf1+ 32. Kd2 c4 33.
Rdd4 Na6 34. Rh4 Rbf8 35. Rh7+ Ke8 36. Bxb7 Nb8 37. Rc7 R1f2+ 38. Ke3 Rxb2 39.
Rc8+ Ke7 40. Rxf8 Kxf8 41. Rd8+ Ke7 42. Rxb8 Rxa2 43. Bd5 Ra3 44. Rb7+ 1-0

[Event "Mistrzostwa Polski Niewidomych"]
[Site "Wagrowiec, ul. Jeziorna 16 OR"]
[Date "2018.??.??"]
[Round "4.6"]
[White "Filipiak, Rajmund"]
[Black "Suder, Ryszard"]
[Result "0-1"]
[WhiteElo "1706"]
[BlackElo "2063"]
[PlyCount "72"]
[EventDate "2018.??.??"]

1. d4 Nf6 2. Nf3 g6 3. g3 Bg7 4. Bg2 O-O 5. O-O d5 6. Bg5 Ne4 7. Bf4 c5 8. c3
Nc6 9. Ne5 cxd4 10. Nxc6 bxc6 11. cxd4 Qb6 12. Nc3 Nd6 13. e3 Qxb2 14. Na4 Qa3
15. Nc5 Nc4 16. Qa4 Qxa4 17. Nxa4 e5 18. dxe5 Nxe5 19. Rac1 Ba6 20. Rfd1 Bc4
21. Rd2 Nd3 22. Rb1 Nxf4 23. gxf4 Rab8 24. Rc1 Rb4 25. Nc5 Rfb8 26. a3 Rb1 27.
Rdd1 Rxc1 28. Rxc1 Rb5 29. Nd7 Bb2 30. Rd1 Ra5 31. Bf1 Rxa3 32. Bxc4 dxc4 33.
Ne5 c3 34. Rd8+ Kg7 35. Rd7 c2 36. Nxf7 c1=Q+ 0-1

[Event "Mistrzostwa Polski Niewidomych"]
[Site "Wagrowiec, ul. Jeziorna 16 OR"]
[Date "2018.??.??"]
[Round "4.7"]
[White "Wolanski, Michal"]
[Black "Baryla, Lukasz"]
[Result "1-0"]
[WhiteElo "1952"]
[BlackElo "1726"]
[PlyCount "37"]
[EventDate "2018.??.??"]

1. c4 c6 2. Nc3 d5 3. e3 e6 4. Nf3 Bd6 5. b3 Nf6 6. Bb2 Nbd7 7. Qc2 O-O 8. Be2
a6 9. Rg1 dxc4 10. bxc4 b5 11. g4 Ne5 12. Nxe5 Bxe5 13. f4 Bd6 14. g5 Ne8 15.
Ne4 b4 16. c5 Bc7 17. h4 Qe7 18. Nf6+ Nxf6 19. gxf6 1-0

[Event "Mistrzostwa Polski Niewidomych"]
[Site "Wagrowiec, ul. Jeziorna 16 OR"]
[Date "2018.??.??"]
[Round "4.8"]
[White "Staruch, Roman"]
[Black "Zarow, Zdzislaw"]
[Result "1-0"]
[WhiteElo "1880"]
[BlackElo "1663"]
[PlyCount "78"]
[EventDate "2018.??.??"]

1. e4 e5 2. Nf3 Nf6 3. Nc3 d6 4. h3 c6 5. Bc4 b5 6. Bd3 Be7 7. O-O O-O 8. a3
Nbd7 9. Re1 a5 10. Bf1 Bb7 11. d3 Nc5 12. Bg5 Ne6 13. Ne2 Nh5 14. Bc1 f5 15.
exf5 Rxf5 16. Ng3 Nxg3 17. fxg3 c5 18. Be2 Kh8 19. Rf1 Qb6 20. Be3 Raf8 21. Qd2
a4 22. Nh2 Qc6 23. Bf3 d5 24. c4 Qd6 25. Bxd5 Bxd5 26. cxd5 Qxd5 27. Rxf5 Rxf5
28. Rf1 Rxf1+ 29. Kxf1 Kg8 30. Nf3 h6 31. Kg1 b4 32. Qc2 b3 33. Qc4 Qxc4 34.
dxc4 Bd6 35. Nd2 Kf7 36. Ne4 Ke7 37. Nc3 Nd4 38. Nxa4 Kd7 39. Kf2 Kc6 1-0

[Event "Mistrzostwa Polski Niewidomych"]
[Site "Wagrowiec, ul. Jeziorna 16 OR"]
[Date "2018.??.??"]
[Round "4.9"]
[White "Gryglewicz, Tadeusz"]
[Black "Pociejowski, Marek"]
[Result "0-1"]
[WhiteElo "1601"]
[BlackElo "1853"]
[PlyCount "94"]
[EventDate "2018.??.??"]

1. Nf3 d5 2. d4 Nf6 3. g3 Bf5 4. Bg2 c6 5. Nbd2 h6 6. h3 e6 7. g4 Be4 8. O-O
Nbd7 9. Nxe4 Nxe4 10. Nd2 Qh4 11. Nxe4 dxe4 12. Bf4 f5 13. Bg3 Qg5 14. gxf5
exf5 15. e3 O-O-O 16. c4 Nc5 17. h4 Qg6 18. h5 Qf6 19. Qe1 Nd3 20. Qa5 f4 21.
Bh2 Qe6 22. exf4 Rxd4 23. f5 Qd7 24. Qxa7 Kd8 25. b3 Be7 26. Qa5+ Ke8 27. Bh3
Rf8 28. Bg3 Bf6 29. Rab1 Kf7 30. Kh2 Re8 31. Qc7 e3 32. Qxd7+ Rxd7 33. fxe3
Rxe3 34. Bg2 Re2 35. Kh1 Rxa2 36. Rbd1 Rb2 37. Be4 Nc5 38. Rxd7+ Nxd7 39. Rb1
Nc5 40. Rxb2 Bxb2 41. Bc2 Kf6 42. Bh4+ Ke5 43. Be7 Ne4 44. Bxe4 Kxe4 45. Kg2
Kxf5 46. b4 Kg4 47. b5 Kxh5 0-1

[Event "Mistrzostwa Polski Niewidomych"]
[Site "Wagrowiec, ul. Jeziorna 16 OR"]
[Date "2018.??.??"]
[Round "4.10"]
[White "Kulpinski, Piotr"]
[Black "Niecko, Stanislaw"]
[Result "1/2-1/2"]
[WhiteElo "1852"]
[BlackElo "1770"]
[PlyCount "81"]
[EventDate "2018.??.??"]

1. d4 d5 2. Nf3 Nd7 3. c4 dxc4 4. e4 Nb6 5. Nc3 Bg4 6. Bf4 e6 7. Rc1 Bd6 8. e5
Be7 9. Bxc4 Nxc4 10. Qa4+ Qd7 11. Qxc4 Bxf3 12. gxf3 c6 13. Rg1 g6 14. Ne4 Qd5
15. Qa4 f5 16. Nd6+ Bxd6 17. exd6 Nf6 18. Rg3 Nd7 19. Qb3 Qxb3 20. axb3 Kf7 21.
Be5 Rhd8 22. f4 Nf6 23. Rh3 h5 24. Ke2 Ne4 25. Rg1 Rg8 26. f3 Nf6 27. Ra1 a6
28. Rg3 Rad8 29. Rgg1 Ne8 30. Rgc1 Nxd6 31. b4 Ke7 32. b3 Rd7 33. Ra2 Rgd8 34.
Rg1 Rg8 35. Ke3 Kf7 36. Rc2 Ne8 37. h4 Nf6 38. Bxf6 Kxf6 39. Ra1 Rd5 40. Rc5
Rgd8 41. Rd1 1/2-1/2

[Event "Mistrzostwa Polski Niewidomych"]
[Site "Wagrowiec, ul. Jeziorna 16 OR"]
[Date "2018.??.??"]
[Round "4.11"]
[White "Traczyk, Tadeusz"]
[Black "Mettel, Werner"]
[Result "1-0"]
[WhiteElo "1817"]
[BlackElo "1752"]
[PlyCount "88"]
[EventDate "2018.??.??"]

1. e4 e5 2. d4 exd4 3. Qxd4 Nc6 4. Qe3 d6 5. Nc3 Nf6 6. Bd2 Be7 7. O-O-O Bd7 8.
h3 a6 9. f4 Qc8 10. g4 h6 11. g5 hxg5 12. fxg5 Ng4 13. Qg3 Nge5 14. h4 Be6 15.
Nf3 Nxf3 16. Qxf3 Bg4 17. Qf2 Bxd1 18. Nxd1 Qe6 19. Nc3 Ne5 20. Nd5 Bd8 21. Bh3
Qg6 22. Qg2 Kf8 23. Nf4 Qh7 24. h5 Ke8 25. g6 Qg8 26. gxf7+ Qxf7 27. Be6 Qf8
28. Ng6 Qf6 29. Nxh8 Qxe6 30. b3 Bf6 31. Ng6 Kd7 32. Nf4 Qf7 33. Qh3+ Kd8 34.
Rf1 Ke8 35. Nd5 Rd8 36. h6 c6 37. h7 cxd5 38. h8=Q+ Ke7 39. Q8h5 dxe4 40. Qxf7+
Kxf7 41. Bg5 Rg8 42. Bxf6 gxf6 43. Qf5 Rg6 44. Qxe4 Ke6 1-0

[Event "Mistrzostwa Polski Niewidomych"]
[Site "Wagrowiec, ul. Jeziorna 16 OR"]
[Date "2018.??.??"]
[Round "4.12"]
[White "Jagiello, Jerzy"]
[Black "Przewoznik, Emil"]
[Result "1-0"]
[WhiteElo "1579"]
[BlackElo "1812"]
[PlyCount "52"]
[EventDate "2018.??.??"]

1. e4 c5 2. Bc4 e6 3. Nf3 Nc6 4. d4 cxd4 5. Nxd4 Qa5+ 6. c3 Nf6 7. f3 Nxd4 8.
Qxd4 Bc5 9. Qd3 Qb6 10. Rf1 a5 11. a4 O-O 12. Bb5 d5 13. e5 Nd7 14. f4 f6 15.
exf6 Nxf6 16. Nd2 Bd7 17. Nf3 Ne4 18. Bxd7 Bf2+ 19. Ke2 Nc5 20. Qb5 Qd6 21.
Bxe6+ Nxe6 22. Kxf2 Nxf4 23. Bxf4 Rxf4 24. Kg1 Rc4 25. Rad1 Rd8 26. Rfe1 Rcc8
1-0

[Event "Mistrzostwa Polski Niewidomych"]
[Site "Wagrowiec, ul. Jeziorna 16 OR"]
[Date "2018.??.??"]
[Round "4.13"]
[White "Sargalski, Andrzej"]
[Black "Raczek, Stanislaw"]
[Result "1-0"]
[WhiteElo "1811"]
[BlackElo "1550"]
[PlyCount "45"]
[EventDate "2018.??.??"]

1. e4 d6 2. d4 Nf6 3. Nc3 c6 4. Bg5 Nbd7 5. Nf3 h6 6. Bh4 g5 7. Bg3 Qa5 8. Qd2
e5 9. O-O-O b5 10. a3 g4 11. dxe5 gxf3 12. exf6 fxg2 13. Bxg2 b4 14. axb4 Qa1+
15. Nb1 a5 16. Bxd6 a4 17. Qc3 Bxd6 18. Rxd6 Rg8 19. Bh3 Ra6 20. Rhd1 a3 21.
Bxd7+ Bxd7 22. Qe5+ Kd8 23. Rxd7+ 1-0

[Event "Mistrzostwa Polski Niewidomych"]
[Site "Wagrowiec, ul. Jeziorna 16 OR"]
[Date "2018.??.??"]
[Round "4.14"]
[White "Szydlowski, Wiktor"]
[Black "Baryla, Damian"]
[Result "1-0"]
[WhiteElo "1724"]
[BlackElo "1811"]
[PlyCount "41"]
[EventDate "2018.??.??"]

1. e4 c5 2. Nf3 d6 3. g3 Nc6 4. Bg2 Nf6 5. d3 g6 6. O-O Bg7 7. Nc3 O-O 8. Rb1
a6 9. h3 e5 10. Be3 Nh5 11. Ne2 f5 12. exf5 gxf5 13. Bg5 Bf6 14. Bxf6 Qxf6 15.
Qd2 f4 16. gxf4 Nxf4 17. Nxf4 Qxf4 18. Qxf4 Rxf4 19. Kh2 Nb4 20. Ne1 Nxa2 21.
Bd5+ 1-0

[Event "Mistrzostwa Polski Niewidomych"]
[Site "Wagrowiec, ul. Jeziorna 16 OR"]
[Date "2018.??.??"]
[Round "4.15"]
[White "Debowska, Teresa"]
[Black "Hagner, Pawel"]
[Result "1-0"]
[WhiteElo "1802"]
[BlackElo "1698"]
[PlyCount "62"]
[EventDate "2018.??.??"]

1. e4 d6 2. d4 Nf6 3. Bd3 g6 4. c3 Bg7 5. f4 O-O 6. Nf3 c5 7. dxc5 dxc5 8. e5
Nd5 9. O-O Nc6 10. Qe2 a6 11. Be4 e6 12. Rd1 b5 13. a4 Na5 14. Bxd5 exd5 15.
Be3 Bg4 16. axb5 Nb3 17. Rxa6 Rxa6 18. bxa6 d4 19. Qb5 Bxf3 20. gxf3 Qa8 21.
Bf2 Rb8 22. Qd3 c4 23. Qe4 Qxa6 24. cxd4 Qa2 25. Qc2 Na5 26. Rd2 Qa1 27. Kg2
Nb3 28. Re2 Na5 29. Nc3 Bh6 30. d5 Nb3 31. Kg3 Qh1 1-0

[Event "Mistrzostwa Polski Niewidomych"]
[Site "Wagrowiec, ul. Jeziorna 16 OR"]
[Date "2018.??.??"]
[Round "4.16"]
[White "Barnowski, Sylwester"]
[Black "Binkowski, Kazimierz"]
[Result "1-0"]
[WhiteElo "1787"]
[BlackElo "1600"]
[PlyCount "63"]
[EventDate "2018.??.??"]

1. e4 c5 2. Nf3 Nc6 3. d4 cxd4 4. Nxd4 e5 5. Nf5 Nf6 6. Nc3 Bb4 7. Nxg7+ Kf8 8.
Bh6 Kg8 9. Bd3 Bf8 10. Nf5 d6 11. Bxf8 Qxf8 12. Ne3 Be6 13. Qe2 a6 14. f3 Qd8
15. Bc4 Qb6 16. O-O-O Nd4 17. Qd2 Rc8 18. Bxe6 fxe6 19. g4 h6 20. Qf2 Qc6 21.
Rhg1 Kf7 22. Kb1 Ke7 23. Rd2 Rc7 24. g5 hxg5 25. Rxg5 Kd8 26. Ne2 Nxe2 27. Qxe2
Kc8 28. Qd3 Ne8 29. Rxe5 Rh6 30. Rg5 Rg7 31. Rxg7 Nxg7 32. Qxd6 1-0

[Event "Mistrzostwa Polski Niewidomych"]
[Site "Wagrowiec, ul. Jeziorna 16 OR"]
[Date "2018.??.??"]
[Round "4.17"]
[White "Huzarski, Stanislaw"]
[Black "Tobolski, Michal"]
[Result "1-0"]
[WhiteElo "1758"]
[BlackElo "1536"]
[PlyCount "81"]
[EventDate "2018.??.??"]

1. e4 e5 2. Nf3 Nf6 3. Nc3 Bb4 4. d3 d6 5. Bd2 O-O 6. Be2 c5 7. O-O a6 8. a3
Ba5 9. Rb1 Nc6 10. Bg5 Bxc3 11. bxc3 h6 12. Bh4 g5 13. Bg3 Nh5 14. Nd2 Nf4 15.
Bg4 Na7 16. a4 b5 17. d4 Bxg4 18. Qxg4 h5 19. Qf3 g4 20. Qe3 Qg5 21. Rfe1 c4
22. f3 h4 23. Bxf4 exf4 24. Qe2 g3 25. h3 Rfe8 26. Rb2 Re7 27. Ra1 Rae8 28.
axb5 Nxb5 29. Qxc4 d5 30. Qd3 Qg6 31. Rba2 dxe4 32. Nxe4 Rxe4 33. fxe4 Rxe4 34.
Rxa6 Qf5 35. R6a5 Qe6 36. Rxb5 Re1+ 37. Rxe1 Qxe1+ 38. Qf1 Qe3+ 39. Kh1 f3 40.
Re5 fxg2+ 41. Kxg2 1-0

[Event "Mistrzostwa Polski Niewidomych"]
[Site "Wagrowiec, ul. Jeziorna 16 OR"]
[Date "2018.??.??"]
[Round "4.19"]
[White "Malcer, Joanna"]
[Black "Kizym, Lukasz"]
[Result "1-0"]
[WhiteElo "1567"]
[BlackElo "1722"]
[PlyCount "47"]
[EventDate "2018.??.??"]

1. e4 e5 2. Nf3 Nc6 3. Bc4 Bc5 4. O-O Nf6 5. d3 d5 6. exd5 Nxd5 7. Bb5 Bg4 8.
Bxc6+ bxc6 9. Nbd2 O-O 10. Ne4 Be7 11. Be3 Nf6 12. Ng3 e4 13. dxe4 Qxd1 14.
Rfxd1 Bxf3 15. gxf3 Bd6 16. Bd4 Nd7 17. Nh5 Ne5 18. Bxe5 Bxe5 19. c3 Rab8 20.
Rab1 Rfd8 21. f4 Bd6 22. Rd2 Be7 23. Rbd1 Rxd2 24. Rxd2 1-0

[Event "Mistrzostwa Polski Niewidomych"]
[Site "Wagrowiec, ul. Jeziorna 16 OR"]
[Date "2018.??.??"]
[Round "4.20"]
[White "Skiera, Edward"]
[Black "Zelajtys, Jozef"]
[Result "0-1"]
[WhiteElo "1500"]
[BlackElo "1665"]
[PlyCount "66"]
[EventDate "2018.??.??"]

1. d4 Nf6 2. c4 g6 3. Nc3 Bg7 4. Nf3 O-O 5. e3 c6 6. Be2 d5 7. cxd5 Nxd5 8.
Nxd5 Qxd5 9. O-O Nd7 10. Bd2 e5 11. dxe5 Nxe5 12. Bc3 Nxf3+ 13. Bxf3 Qxd1 14.
Rfxd1 Bxc3 15. bxc3 Be6 16. a3 Rfd8 17. Re1 Rd2 18. Rab1 Rd7 19. Kf1 Rad8 20.
Rec1 Kf8 21. Ke1 Ke7 22. Be2 b5 23. Bf3 Bd5 24. Bxd5 Rxd5 25. Rc2 R8d6 26. c4
Rc5 27. Rbc1 a6 28. cxb5 Rxc2 29. Rxc2 axb5 30. Ke2 Kd7 31. h4 Kc7 32. h5 Kb6
33. g4 c5 0-1

[Event "Mistrzostwa Polski Niewidomych"]
[Site "Wagrowiec, ul. Jeziorna 16 OR"]
[Date "2018.??.??"]
[Round "4.21"]
[White "Oberc, Ryszard"]
[Black "Loroch, Zygfryd"]
[Result "1-0"]
[WhiteElo "1640"]
[BlackElo "1427"]
[PlyCount "28"]
[EventDate "2018.??.??"]

1. d4 d5 2. Nc3 Nf6 3. Bg5 e6 4. Nf3 Be7 5. e3 Ne4 6. Bxe7 Qxe7 7. Nxe4 dxe4 8.
Nd2 f5 9. Nc4 Bd7 10. Ne5 Nc6 11. Qh5+ Kf8 12. f4 g6 13. Qh3 Nxe5 14. dxe5 Qb4+
1-0

[Event "Mistrzostwa Polski Niewidomych"]
[Site "Wagrowiec, ul. Jeziorna 16 OR"]
[Date "2018.??.??"]
[Round "4.22"]
[White "Spychala, Jozefa"]
[Black "Wyrzykowski, Jozef"]
[Result "1/2-1/2"]
[WhiteElo "1493"]
[BlackElo "1635"]
[PlyCount "63"]
[EventDate "2018.??.??"]

1. d4 d5 2. Bf4 Nf6 3. Nf3 Nc6 4. e3 Nh5 5. Bg5 h6 6. Bh4 g5 7. Bg3 Nxg3 8.
hxg3 Bg7 9. c3 Bf5 10. Bd3 Qd7 11. Bxf5 Qxf5 12. O-O Qg6 13. Nbd2 O-O-O 14. c4
e5 15. cxd5 Rxd5 16. e4 Rd7 17. d5 Nd4 18. Nxd4 exd4 19. Qc2 Re8 20. Qd3 Rde7
21. Rac1 Be5 22. Nf3 Qg7 23. Rfe1 Bf6 24. d6 Rd7 25. Rxc7+ Rxc7 26. dxc7 Re7
27. e5 Bxe5 28. Qf5+ Kxc7 29. Rxe5 Rxe5 30. Qxe5+ Qxe5 31. Nxe5 f6 32. Ng4
1/2-1/2

[Event "Mistrzostwa Polski Niewidomych"]
[Site "Wagrowiec, ul. Jeziorna 16 OR"]
[Date "2018.??.??"]
[Round "4.23"]
[White "Kulik, Roman"]
[Black "Bialas, Stanislaw"]
[Result "1/2-1/2"]
[WhiteElo "1623"]
[BlackElo "1477"]
[PlyCount "36"]
[EventDate "2018.??.??"]

1. Nf3 e6 2. d4 Nc6 3. c3 d5 4. Bf4 Bd6 5. Bg5 Be7 6. Bxe7 Ngxe7 7. e3 a6 8.
Bd3 f6 9. e4 dxe4 10. Bxe4 Qd6 11. O-O f5 12. Bxc6+ bxc6 13. Qc2 Bb7 14. Nbd2
h6 15. Nb3 O-O-O 16. Nc5 Rde8 17. Ne5 Rhf8 18. Qb3 Ba8 1/2-1/2

[Event "Mistrzostwa Polski Niewidomych"]
[Site "Wagrowiec, ul. Jeziorna 16 OR"]
[Date "2018.??.??"]
[Round "4.27"]
[White "Inglot, Marian"]
[Black "Wegner, Wieslaw"]
[Result "0-1"]
[WhiteElo "1451"]
[BlackElo "1704"]
[PlyCount "26"]
[EventDate "2018.??.??"]

1. e4 e5 2. Nf3 Nc6 3. d4 d6 4. Bc4 Nf6 5. Ng5 d5 6. exd5 Nxd5 7. Nxf7 Kxf7 8.
Qf3+ Ke6 9. O-O Qf6 10. Re1 Qxf3 11. gxf3 Bd6 12. f4 Nxd4 13. Na3 Nf3+ 0-1

[Event "Mistrzostwa Polski Niewidomych"]
[Site "Wagrowiec, ul. Jeziorna 16 OR"]
[Date "2018.??.??"]
[Round "4.28"]
[White "Czarnecki, Zbigniew"]
[Black "Lazuka, Jan"]
[Result "0-1"]
[WhiteElo "1337"]
[BlackElo "1274"]
[PlyCount "40"]
[EventDate "2018.??.??"]

1. e4 e5 2. Nf3 Nc6 3. Bb5 Qf6 4. c3 a6 5. Ba4 b5 6. Bb3 d6 7. d4 Bb7 8. Bg5
Qg6 9. Nbd2 Rb8 10. O-O Nf6 11. Bxf6 gxf6 12. Nh4 Qg5 13. Nf5 Ne7 14. Nf3 Qf4
15. g3 Qxe4 16. Nxe7 Kxe7 17. d5 f5 18. Re1 Qg4 19. Kg2 Rg8 20. Nh4 Qxh4 0-1

[Event "Mistrzostwa Polski Niewidomych"]
[Site "Wagrowiec, ul. Jeziorna 16 OR"]
[Date "2018.??.??"]
[Round "5.1"]
[White "Czajkowski, Adam"]
[Black "Dukaczewski, Piotr"]
[Result "1-0"]
[WhiteElo "2223"]
[BlackElo "2221"]
[PlyCount "85"]
[EventDate "2018.??.??"]

1. e4 e5 2. Nf3 Nc6 3. Bb5 Nf6 4. Qe2 a6 5. Ba4 b5 6. Bb3 Bc5 7. a4 Bb7 8. axb5
axb5 9. Rxa8 Qxa8 10. Nc3 O-O 11. Nxb5 Na5 12. Nxc7 Qc8 13. Nd5 Nxb3 14. Nxf6+
gxf6 15. cxb3 Ba6 16. d3 Bb4+ 17. Kd1 d5 18. exd5 Qc5 19. Bh6 Rc8 20. Nxe5 f5
21. Nc4 Qxd5 22. Qf3 Qe6 23. Qg3+ Qg6 24. Bd2 Bc5 25. Re1 Qxg3 26. fxg3 Bb7 27.
Re2 Bd5 28. Bc3 Rb8 29. Kc2 Bg1 30. h3 Bh2 31. Be5 Re8 32. Nd6 Re6 33. Kd2 Bxb3
34. Nxf5 Bd5 35. Bf4 Bb7 36. Rxe6 fxe6 37. Nh4 Bg1 38. Be3 Bxe3+ 39. Kxe3 Kf7
40. Nf3 Kf6 41. d4 h5 42. b4 Bd5 43. b5 1-0

[Event "Mistrzostwa Polski Niewidomych"]
[Site "Wagrowiec, ul. Jeziorna 16 OR"]
[Date "2018.??.??"]
[Round "5.2"]
[White "Stachanczyk, Jacek"]
[Black "Chojnowski, Marcin"]
[Result "1-0"]
[WhiteElo "2193"]
[BlackElo "2094"]
[PlyCount "59"]
[EventDate "2018.??.??"]

1. e4 c5 2. Nf3 e6 3. Nc3 Nc6 4. d4 cxd4 5. Nxd4 Qc7 6. Qd3 a6 7. Nxc6 bxc6 8.
Qg3 Qxg3 9. hxg3 d5 $11 10. Na4 Rb8 11. exd5 cxd5 12. Bf4 Rb4 13. b3 e5 14. Be3
d4 15. Bd2 Rb8 16. c3 dxc3 17. Bxc3 f6 18. Bd3 Nh6 19. f3 Be7 20. g4 Bb4 21.
O-O-O O-O 22. Bc4+ Kh8 23. Bxb4 Rxb4 24. Rd6 Rb8 25. Rhd1 a5 26. Nc5 g6 27. Rd8
Kg7 28. Rxf8 Kxf8 29. Rd8+ Ke7 30. Rh8 1-0